| 000 | 01632cam a2200361 i 4500 | ||
|---|---|---|---|
| 999 |
_c329866 _d329866 |
||
| 001 | 18686625 | ||
| 003 | NUST | ||
| 005 | 20170622113508.0 | ||
| 008 | 150706s2012 pk b 000 0 urd | ||
| 010 | _a 2015327382 | ||
| 020 | _a9694961262 | ||
| 040 |
_aDLC _beng _erda _cDLC |
||
| 042 | _alcode | ||
| 050 | 0 | 0 |
_aPK2170 _b.M377 2012 |
| 066 |
_c(3 _c(4 |
||
| 082 |
_a891.4391 _bMAS |
||
| 100 | 1 |
_6880-01 _aMasʻūd, Anvar, _d1935- _91445 |
|
| 245 | 1 | 0 |
_6880-02 _aShāk̲h̲-i tabassum : _bmizāḥiyah shāʻirī kā sanjīdah mut̤ālaʻah (maʻa intik̲h̲āb) / _cAnvar Masʻūd. |
| 264 | 1 |
_6880-03 _aIslāmʹābād : _bDost Pablīkeshanz, _c2012. |
|
| 300 |
_a298 pages ; _c23 cm |
||
| 336 |
_atext _btxt _2rdacontent |
||
| 337 |
_aunmediated _bn _2rdamedia |
||
| 338 |
_avolume _bnc _2rdacarrier |
||
| 504 | _aIncludes bibliographical references. | ||
| 520 | _aCritical study of 20th century Urdu humorous poetry; includes a collection of 20th century Urdu humorous poetry. | ||
| 546 | _aIn Urdu. | ||
| 650 | 0 |
_aHumorous poetry, Urdu _y20th century _xHistory and criticism. _91451 |
|
| 650 | 0 |
_aHumorous poetry, Urdu _y20th century. _91452 |
|
| 880 | 1 |
_6100-01/(3/r _aمسعود، انور، _d1935- |
|
| 880 | 1 | 0 |
_6245-02/(3/r _aشاخ تبسّم : _bمزاحيه شاعرى کا سنجيده مطالعه (مع انتخاب) / _cانور مسعود. |
| 880 | 1 |
_6264-03/(3/r _aاسلامآباد : _bدوست پبليکيشنز، _c2012. |
|
| 906 |
_a7 _bcbc _corigode _d3 _encip _f20 _gy-nonroman |
||
| 942 |
_2ddc _cBK |
||